| 000 | 01067cab a22001815a 4500 | ||
|---|---|---|---|
| 008 | 070305e2007 xxk 000 0 eng d | ||
| 035 | _a(Sirsi) u136935 | ||
| 041 | _aeng | ||
| 110 | 2 |
_aUnited Kingdom _bDepartment for Communities and Local Government _94939 |
|
| 245 |
_aLandlord and Tenant Act 1954 _bsection 57 _bconsultation paper _h[electronic resource] |
||
| 260 |
_aLondon _bDepartment for Communities and Local Government _c2007 |
||
| 520 | _aDiscusses Section 57 of the Landlord and Tenant Act 1954, which makes special provision for landlords of commercial properties who are public bodies or providers of public services, and the provision that the Minister may certify that it is 'requisite' for the purpose of the body concerned that the use or occupation of the property should be changed by a specified date. | ||
| 590 | _aKA | ||
| 650 | 2 | 4 | _aLANDLORD AND TENANT ACT 1954 S57 |
| 651 | 4 |
_aEngland and Wales _y1543- |
|
| 856 | 4 | 0 |
_uhttps://www.communities.gov.uk/index.asp?id=1508170 _zView the item free of charge at www.communities.gov.uk... |
| 942 | _n0 | ||
| 999 |
_c78497 _d78497 |
||